000 00383pam a2200157 a 4500
020 _a8180619524
_c
041 _h
082 _a617.3
_bBEA
100 _aBEAM J.W.
245 _aORTHOPEDIC TAPING WRAPPING BRACING & PADDING
_hTextual Documents
250 _a1.
260 _bJAYPEE BROTHERS MEDICAL PUB.
_c2007
300 _a460:
_bVIII;
_cPB.
930 _a5155
999 _c799682
_d799682
650 _aORTHO